|
|
|
|
| LEADER |
03023nam a22005535i 4500 |
| 001 |
978-981-287-347-7 |
| 003 |
DE-He213 |
| 005 |
20151030041323.0 |
| 007 |
cr nn 008mamaa |
| 008 |
141227s2015 si | s |||| 0|eng d |
| 020 |
|
|
|a 9789812873477
|9 978-981-287-347-7
|
| 024 |
7 |
|
|a 10.1007/978-981-287-347-7
|2 doi
|
| 040 |
|
|
|d GrThAP
|
| 050 |
|
4 |
|a TK1-9971
|
| 072 |
|
7 |
|a TJK
|2 bicssc
|
| 072 |
|
7 |
|a TEC041000
|2 bisacsh
|
| 082 |
0 |
4 |
|a 621.382
|2 23
|
| 100 |
1 |
|
|a Vong, John.
|e author.
|
| 245 |
1 |
0 |
|a Emerging Technologies for Emerging Markets
|h [electronic resource] /
|c by John Vong, Insu Song.
|
| 264 |
|
1 |
|a Singapore :
|b Springer Singapore :
|b Imprint: Springer,
|c 2015.
|
| 300 |
|
|
|a XVIII, 206 p. 49 illus.
|b online resource.
|
| 336 |
|
|
|a text
|b txt
|2 rdacontent
|
| 337 |
|
|
|a computer
|b c
|2 rdamedia
|
| 338 |
|
|
|a online resource
|b cr
|2 rdacarrier
|
| 347 |
|
|
|a text file
|b PDF
|2 rda
|
| 490 |
1 |
|
|a Topics in Intelligent Engineering and Informatics,
|x 2193-9411 ;
|v 11
|
| 505 |
0 |
|
|a Mobility Technology Solutions can Reduce Interest Rates of Microfinance Loans -- Microfinance and Gender Equality in Indonesia -- Lowering the Interest Burden for Microfinance -- Automated Health Care Services -- Securing Online Medical Data -- Important Factors in Choosing Tertiary Education Institutes -- Application of ICT to Improve Rural Livelihood in Vietnam.
|
| 520 |
|
|
|a This book introduces inclusive-cost-effective (ICE) approaches that have the potential to transform all aspects of daily lives of people at the base of the pyramid in the economic scale, who represent more than 75% of the world population. ICE means that the approaches must meet the affordability level at the base of the pyramid. This includes mobile banking and financial service technologies, mobile education, rural information and communication technologies, telemedicine, e-Health, and health social networks. This monograph is a compulsory reading for not only technology innovators, but also economists, social entrepreneurs, development specialists, health specialists, bankers and researchers and policy thinkers on technology and economic development.
|
| 650 |
|
0 |
|a Engineering.
|
| 650 |
|
0 |
|a Management.
|
| 650 |
|
0 |
|a Industrial management.
|
| 650 |
|
0 |
|a Health informatics.
|
| 650 |
|
0 |
|a Computers.
|
| 650 |
|
0 |
|a Economics, Mathematical.
|
| 650 |
|
0 |
|a Electrical engineering.
|
| 650 |
1 |
4 |
|a Engineering.
|
| 650 |
2 |
4 |
|a Communications Engineering, Networks.
|
| 650 |
2 |
4 |
|a Innovation/Technology Management.
|
| 650 |
2 |
4 |
|a Information Systems and Communication Service.
|
| 650 |
2 |
4 |
|a Health Informatics.
|
| 650 |
2 |
4 |
|a Quantitative Finance.
|
| 700 |
1 |
|
|a Song, Insu.
|e author.
|
| 710 |
2 |
|
|a SpringerLink (Online service)
|
| 773 |
0 |
|
|t Springer eBooks
|
| 776 |
0 |
8 |
|i Printed edition:
|z 9789812873460
|
| 830 |
|
0 |
|a Topics in Intelligent Engineering and Informatics,
|x 2193-9411 ;
|v 11
|
| 856 |
4 |
0 |
|u http://dx.doi.org/10.1007/978-981-287-347-7
|z Full Text via HEAL-Link
|
| 912 |
|
|
|a ZDB-2-ENG
|
| 950 |
|
|
|a Engineering (Springer-11647)
|